Biotechnology : (Record no. 132127)

MARC details
000 -LEADER
fixed length control field 00670nam a22002177a 4500
005 - DATE AND TIME OF LATEST TRANSACTION
control field 20170124110148.0
010 ## - LIBRARY OF CONGRESS CONTROL NUMBER
LC control number B-159060
020 ## - INTERNATIONAL STANDARD BOOK NUMBER
Terms of availability 895.00
International Standard Book Number 978817648924
035 ## - SYSTEM CONTROL NUMBER
System control number B-159060
037 ## - SOURCE OF ACQUISITION
Source of stock number/acquisition Cen Lib/Ret
040 ## - CATALOGING SOURCE
Original cataloging agency DPL
Language of cataloging EN
082 ## - DEWEY DECIMAL CLASSIFICATION NUMBER
Classification number 660.6
Item number BAN
100 ## - MAIN ENTRY--PERSONAL NAME
Personal name Banerjee, Meenakshi
9 (RLIN) 33775
245 ## - TITLE STATEMENT
Title Biotechnology :
Statement of responsibility, etc by Meenakshi Banerjee
Remainder of title a glossary /
260 ## - PUBLICATION, DISTRIBUTION, ETC. (IMPRINT)
Place of publication, distribution, etc New Delhi
Name of publisher, distributor, etc A. P. H. Publishing Corporation
Date of publication, distribution, etc 2005
270 ## - ADDRESS
City New Delhi
Address 5, Ansari Road, Darya Ganj
Postal code 110002
300 ## - PHYSICAL DESCRIPTION
Extent viii,337p.
Dimensions 22cm(Hb)
650 ## - SUBJECT ADDED ENTRY--TOPICAL TERM
Topical term or geographic name as entry element Biotechnology
9 (RLIN) 33776
650 ## - SUBJECT ADDED ENTRY--TOPICAL TERM
Topical term or geographic name as entry element Biochemical engineering
9 (RLIN) 33777
942 ## - ADDED ENTRY ELEMENTS (KOHA)
Source of classification or shelving scheme Dewey Decimal Classification
Koha item type English Books
Classification part 660.6
Call number suffix BAN
Holdings
Withdrawn status Lost status Damaged status Not for loan Home library Current library Date acquired Source of acquisition Cost, normal purchase price Total Checkouts Full call number Barcode Date last seen Copy number Cost, replacement price Price effective from Koha item type Collection code
        Central Library Central Library 21/07/2015 Cen Lib/Ret 895.00   660.6 BAN B-159060 21/07/2015 1 895.00 21/07/2015 English Books  
      Not For Loan Central Library Central Library 31/07/2015 Cen Lib/Ret 895.00   660.6 BAN B-159061 31/07/2015 2 895.00 31/07/2015 English Books Reference

© Delhi Public Library
Hit Counter
free hit counter